Business information needs of the Indian corporate sector / (Record no. 44065)

MARC details
000 -LEADER
fixed length control field 02148nam a22003257a 4500
005 - DATE AND TIME OF LATEST TRANSACTION
control field 20100906153426.0
008 - FIXED-LENGTH DATA ELEMENTS--GENERAL INFORMATION
fixed length control field 100906t xxu||||| |||| 00| 0 eng d
010 ## - LCCN (DPL NO)
LC control number ENG-101433 B-425204-209
020 ## - INTERNATIONAL STANDARD BOOK NUMBER
International Standard Book Number 9788184245936
Terms of availability 350.00
035 ## - SYSTEM CONTROL NUMBER
System control number EN-84966 B-425204-209
037 ## - SOURCE OF ACQUISITION
Source of stock number/acquisition DBAD/PUB
037 ## - SOURCE OF ACQUISITION
Source of stock number/acquisition RBC/VEN
040 ## - CATALOGING SOURCE
Original cataloging agency dpl
Language of cataloging Eng
082 ## - DEWEY DECIMAL CLASSIFICATION NUMBER
Classification number 658.403
100 ## - MAIN ENTRY--PERSONAL NAME
Personal name Hanumappa Anil Kumar
9 (RLIN) 18628
245 ## - TITLE STATEMENT
Title Business information needs of the Indian corporate sector /
Statement of responsibility, etc by Hanumappa Anil Kumar
260 ## - PUBLICATION, DISTRIBUTION, ETC. (IMPRINT)
Place of publication, distribution, etc New Delhi
Name of publisher, distributor, etc Allied Publishers
Date of publication, distribution, etc 2010
270 ## - ADDRESS
Address I/13-14 Asaf Ali Road
City New Delhi
Postal code 110002
300 ## - PHYSICAL DESCRIPTION
Extent x,174p.
Dimensions 24cm (pbk)
500 ## - GENERAL NOTE
General note Includes bibliographical references
942 ## - ADDED ENTRY ELEMENTS (KOHA)
Source of classification or shelving scheme Dewey Decimal Classification
Item type English Books
Call number suffix HAN
Classification part 658.403
Holdings
Withdrawn status Lost status Source of classification or shelving scheme Damaged status Not for loan Collection code Home library Current library Date acquired Source of acquisition Cost, normal purchase price Total Checkouts Full call number Barcode Date last seen Copy number Cost, replacement price Koha item type Total Renewals
    Dewey Decimal Classification     Non-fiction Bawana Bawana 18/04/2011 RBC/22493/23.3.11/76/4.3.11/25.3.11 350.00 1 658.403 HAN B-425208 20/07/2024 1 350.00 English Books 1
    Dewey Decimal Classification     Non-fiction Central Library Central Library 18/04/2011 RBC/22493/23.3.11/76/4.3.11/25.3.11 350.00 1 658.403 HAN B-425204 27/06/2019 2 350.00 English Books  
    Dewey Decimal Classification     Non-fiction Central Library Central Library 18/04/2011 RBC/22493/23.3.11/76/4.3.11/25.3.11 350.00 3 658.403 HAN B-425205 15/03/2025 2 350.00 English Books  
    Dewey Decimal Classification   Not For Loan Non-fiction D.B.Act.Division D.B.Act.Division 06/09/2010 DBAD/PUB 350.00   658.403 HAN EN-84966 06/09/2010 1 350.00 English Books  
    Dewey Decimal Classification     Non-fiction Patel Nagar Patel Nagar 18/04/2011 RBC/22493/23.3.11/76/4.3.11/25.3.11 350.00   658.403 HAN B-425206 18/04/2011 1 350.00 English Books  
    Dewey Decimal Classification     Non-fiction Sarojini Nagar Sarojini Nagar 18/04/2011 RBC/22493/23.3.11/76/4.3.11/25.3.11 350.00   658.403 HAN B-425207 18/04/2011 1 350.00 English Books  
    Dewey Decimal Classification     Non-fiction Shahdara Branch Shahdara Branch 18/04/2011 RBC/22493/23.3.11/76/4.3.11/25.3.11 350.00 1 658.403 HAN B-425209 15/03/2022 1 350.00 English Books  

© Delhi Public Library
Hit Counter
free hit counter